Skip to content
Inicio
Centros participantes
Catálogo
Servicios
Contacto
Login
English
Deutsch
Español
Français
Italiano
日本語
Nederlands
Português
Português (Brasil)
中文(简体)
中文(繁體)
Türkçe
עברית
Gaeilge
Cymraeg
Ελληνικά
Català
Euskara
Русский
Čeština
Suomi
Svenska
polski
Dansk
slovenščina
اللغة العربية
বাংলা
Galego
Tiếng Việt
Hrvatski
हिंदी
Հայերէն
Українська
Sámegiella
Language
All Fields
Title
Author
Subject
Call Number
ISBN/ISSN
Tag
Find
Advanced
El Arbol de la vida: la cascar...
Cite this
Email this
Print
Export Record
Export to RefWorks
Export to EndNoteWeb
Export to EndNote
Save to List
Permanent link
Add first rating
El Arbol de la vida: la cascarilla en los Andes ecuatorianos en el siglo XVIII
Saved in:
Bibliographic Details
Main Author:
Moya, Luz del Alba
Format:
Text
Published:
Quito:
FLACSO
Tags:
Add Tag
No Tags, Be the first to tag this record!
Holdings
Description
Comments
Similar Items
Staff View
MARC
LEADER
00000 a a2200000 04500
001
23597
003
040
|a
CRAI/IIS
|c
CRAI/IIS
020
|a
9978-67-030-0
090
|a
162200
100
|a
Moya, Luz del Alba
245
|a
El Arbol de la vida: la cascarilla en los Andes ecuatorianos en el siglo XVIII
260
|a
Quito:
|b
FLACSO
300
|a
251 p
|b
**no definido**
999
|c
5967
|d
5967
Similar Items
Crecimiento estéril o desarrollo: bases para la construcción de un nuevo proyecto económico en El Salvador /
by: Rubio Fabián, Roberto Enrique
La Metodología leninista en la investigación del imperialismo
by: Rudenko, Georgi
Tenencia de la tierra y desarrollo rural en Centroamérica /
Las Elecciones presidenciales de el Ecuador /
by: Larrea Maldonado, Carlos
Competitividad y política industrial: el caso de Costa Rica
by: Vargas, Leiner